[Event "Basel Christmas op"]
[Site "Basel"]
[Date "2023.12.26"]
[Round "1"]
[White "Susilodinata, Andrean"]
[Black "Kocharin, Timur"]
[Result "1/2-1/2"]
[WhiteElo "2354"]
[BlackElo "2104"]
[PlyCount "94"]
[EventDate "2023.12.26"]
[EventType "swiss"]
[EventRounds "9"]
[EventCountry "SUI"]
[SourceTitle "CB02_2024"]
[SourceDate "2024.01.10"]
[SourceVersion "1"]
[SourceVersionDate "2024.01.10"]
[SourceQuality "1"]

1. e4 c5 2. Nf3 d6 3. d4 cxd4 4. Nxd4 Nf6 5. Nc3 a6 6. Bc4 e6 7. a3 Be7 8. Be3 Nc6 9. f3 Qc7 10. Qe2 b5 11. Nxc6 Qxc6 12. Nxb5 Qb7 13. Nd4 Qxb2 14. 0-0 Qb7 15. Rfb1 Qc7 16. Bd3 0-0 17. c4 Nd7 18. a4 Nc5 19. Nb3 Bd7 20. Bxc5 dxc5 21. e5 Rab8 22. Nd2 Bc6 23. Be4 Bg5 24. Nb3 Bf4 25. Bxc6 Qxc6 26. g3 Bg5 27. f4 Be7 28. Qg2 Qxg2+ 29. Kxg2 Rfc8 30. Na5 Kf8 31. Nb7 Ke8 32. Rb3 Rd8 33. Ra2 Rd4 34. Kf2 Rc8 35. Rb6 Rb8 36. Rb3 Rc8 37. Kf3 g6 38. Ke3 h5 39. h4 Rd1 40. Rb6 Rb8 41. Rd2 Rc1 42. Rc6 Rxc4 43. Kf2 Rxb7 44. Rc8+ Bd8 45. Rdxd8+ Ke7 46. Re8+ Kd7 47. Red8+ Ke7 1/2-1/2

[Event "Biel HTO 56th"]
[Site "Biel"]
[Date "2023.07.26"]
[Round "9"]
[White "Besou, Hussain"]
[Black "Kocharin, Timur"]
[Result "1-0"]
[WhiteElo "2348"]
[BlackElo "2225"]
[PlyCount "93"]
[EventDate "2023.07.17"]
[EventType "swiss"]
[EventRounds "10"]
[EventCountry "SUI"]
[SourceTitle "CBM 215 Extra"]
[Source "ChessBase"]
[SourceDate "2023.09.30"]
[SourceVersion "1"]
[SourceVersionDate "2023.09.30"]
[SourceQuality "1"]

1. d4 Nf6 2. c4 e6 3. Nc3 d5 4. cxd5 exd5 5. Bg5 Bb4 6. Nf3 h6 7. Bh4 g5 8. Bg3 Ne4 9. Nd2 Nxg3 10. hxg3 c6 11. e3 Bf5 12. Nf3 Be7 13. Bd3 Bxd3 14. Qxd3 Na6 15. Ne5 Bf6 16. Nxc6 Qc7 17. Ne5 Bxe5 18. dxe5 Qxe5 19. Qxd5 Qxd5 20. Nxd5 0-0-0 21. 0-0-0 Nc5 22. f3 Ne6 23. g4 Ng7 24. e4 h5 25. gxh5 Rxh5 26. Rxh5 Nxh5 27. Rh1 Ng3 28. Rh7 Ne2+ 29. Kc2 Rd7 30. Nf6 Rd8 31. Rxf7 Nd4+ 32. Kc3 Ne2+ 33. Kc4 Nf4 34. Nd5 Nxg2 35. e5 Nh4 36. Rf6 Kd7 37. e6+ Kc8 38. Kc5 Re8 39. a4 Nxf3 40. Rxf3 Rxe6 41. Rf8+ Kd7 42. Rf7+ Kc8 43. Rg7 b6+ 44. Kd4 Re2 45. b4 Kb8 46. Rxg5 Ra2 47. Nc3 1-0

[Event "Biel HTO 56th"]
[Site "Biel"]
[Date "2023.07.23"]
[Round "6"]
[White "Kocharin, Timur"]
[Black "Gemelli, Romain"]
[Result "1/2-1/2"]
[WhiteElo "2225"]
[BlackElo "2122"]
[PlyCount "69"]
[EventDate "2023.07.17"]
[EventType "swiss"]
[EventRounds "10"]
[EventCountry "SUI"]
[SourceTitle "CBM 215 Extra"]
[Source "ChessBase"]
[SourceDate "2023.09.30"]
[SourceVersion "1"]
[SourceVersionDate "2023.09.30"]
[SourceQuality "1"]

1. e4 c5 2. Nf3 Nc6 3. Bb5 d6 4. 0-0 Bd7 5. Re1 Nf6 6. c3 a6 7. Bf1 Bg4 8. d4 cxd4 9. cxd4 e5 10. d5 Nd4 11. Be3 Be7 12. Bxd4 exd4 13. Nbd2 Nd7 14. Qa4 b5 15. Qxd4 0-0 16. h3 Bxf3 17. Nxf3 Qa5 18. a4 Bf6 19. axb5 Qxa1 20. Rxa1 Bxd4 21. Nxd4 axb5 22. Rxa8 Rxa8 23. Nxb5 Ra6 24. Na3 Rb6 25. Nc4 Rb4 26. Nxd6 Kf8 27. Nc4 Nb6 28. b3 Rxb3 29. Ne3 Ke7 30. g3 g6 31. Kg2 Kd6 32. Be2 Ke5 33. Bf3 h5 34. h4 Rc3 35. Nd1 1/2-1/2

[Event "Biel HTO 56th"]
[Site "Biel"]
[Date "2023.07.21"]
[Round "5"]
[White "Malli, Suvirr"]
[Black "Kocharin, Timur"]
[Result "1-0"]
[WhiteElo "2094"]
[BlackElo "2225"]
[PlyCount "131"]
[EventDate "2023.07.17"]
[EventType "swiss"]
[EventRounds "10"]
[EventCountry "SUI"]
[SourceTitle "CBM 215 Extra"]
[Source "ChessBase"]
[SourceDate "2023.09.30"]
[SourceVersion "1"]
[SourceVersionDate "2023.09.30"]
[SourceQuality "1"]

1. e4 c5 2. Nf3 d6 3. d4 cxd4 4. Nxd4 Nf6 5. Nc3 a6 6. f4 e5 7. Nf3 Qc7 8. a4 Be7 9. Bd3 0-0 10. 0-0 Nc6 11. h3 exf4 12. Bxf4 Ne5 13. Kh1 Be6 14. Nd4 Qb6 15. Be3 Qc7 16. Nf5 Nxd3 17. Nxe7+ Qxe7 18. cxd3 h6 19. Qf3 Nh7 20. Qg3 Kh8 21. Ne2 f6 22. Rac1 Rfd8 23. Bb6 Rdc8 24. Nf4 Nf8 25. d4 Bf7 26. Qf3 Rc4 27. Rxc4 Bxc4 28. Rc1 Be6 29. Rc7 Bd7 30. a5 Re8 31. Rxb7 Qxe4 32. Qxe4 Rxe4 33. Ng6+ Nxg6 34. Rxd7 Re1+ 35. Kh2 Re2 36. Kg3 Rxb2 37. Rxd6 Rb3+ 38. Kf2 Rb2+ 39. Kf1 Rb1+ 40. Ke2 Rb2+ 41. Ke1 Rb1+ 42. Kd2 Rb2+ 43. Ke3 Rxg2 44. Bc5 Kh7 45. Rxa6 f5 46. Ra8 f4+ 47. Kf3 Rg3+ 48. Kf2 Nh4 49. a6 Rg2+ 50. Kf1 Ra2 51. a7 Ra1+ 52. Ke2 f3+ 53. Ke3 Re1+ 54. Kd2 Ra1 55. Rf8 Ra2+ 56. Kd3 f2 57. Rxf2 Rxf2 58. a8Q Rf3+ 59. Ke4 Rxh3 60. d5 Ng6 61. d6 Rh5 62. Kd4 Ne5 63. Qe4+ Kg8 64. Qd5+ Kh7 65. Qxe5 Rxe5 66. Kxe5 1-0

[Event "Arco op 44th"]
[Site "Arco"]
[Date "2022.10.11"]
[Round "4"]
[White "Bifulco, Michel"]
[Black "Kocharin, Timur"]
[Result "1-0"]
[WhiteElo "2316"]
[BlackElo "2081"]
[PlyCount "63"]
[EventDate "2022.10.08"]
[EventType "swiss"]
[EventRounds "9"]
[EventCountry "ITA"]
[SourceTitle "CBM 210 Extra"]
[Source "ChessBase"]
[SourceDate "2022.11.30"]
[SourceVersion "1"]
[SourceVersionDate "2022.11.30"]
[SourceQuality "1"]

1. e4 c6 2. d4 d5 3. exd5 cxd5 4. c4 Nf6 5. Nc3 g6 6. Qb3 Bg7 7. cxd5 0-0 8. Be2 Nbd7 9. Nh3 Nb6 10. Nf4 Qd6 11. a4 Rd8 12. Nb5 Qd7 13. d6 e6 14. Bf3 Ne8 15. a5 Nd5 16. Nxd5 exd5 17. Bg5 Bf6 18. Bxf6 Nxf6 19. 0-0 a6 20. Nc7 Rb8 21. Nxa6 Ra8 22. Nc7 Rb8 23. Nxd5 Qxd6 24. Nxf6+ Qxf6 25. d5 Qd6 26. Rfe1 Bf5 27. Re3 g5 28. h3 h5 29. Bxh5 Qxd5 30. Re8+ Rxe8 31. Qxd5 Be4 32. Qxg5+ 1-0